Europar itihas (1453-1815) (Record no. 8933)

MARC details
000 -LEADER
fixed length control field 00521cam a2200181ua 4500
008 - FIXED-LENGTH DATA ELEMENTS--GENERAL INFORMATION
fixed length control field 161013n ii |||gr||||Z||||||asm
040 ## - CATALOGING SOURCE
Transcribing agency MAIN
041 ## - LANGUAGE CODE
-- asm
082 ## - DEWEY DECIMAL CLASSIFICATION NUMBER
Classification number 940
100 ## - MAIN ENTRY--PERSONAL NAME
Personal name Hussain, Tasadduque Amanul,
Relator term
245 ## - TITLE STATEMENT
Title Europar itihas (1453-1815)
Statement of responsibility, etc. By Tasadduque Amanul Hussain & Dhirendra Narayan Bhattacharyya
260 ## - PUBLICATION, DISTRIBUTION, ETC.
Place of publication, distribution, etc. Dibrugarh:
Name of publisher, distributor, etc. Banalata,
Date of publication, distribution, etc. 2012.
300 ## - PHYSICAL DESCRIPTION
Extent 262p.
700 ## - ADDED ENTRY--PERSONAL NAME
Personal name Bhattacharyya, Dhirendra Narayan,
Relator term
942 ## - ADDED ENTRY ELEMENTS (KOHA)
Koha item type Books
653 ## - INDEX TERM--UNCONTROLLED
Uncontrolled term History of Europe
Holdings
Withdrawn status Lost status Damaged status Not for loan Home library Current library Shelving location Date acquired Total Checkouts Full call number Barcode Date last seen Date last checked out Copy number Price effective from Koha item type Date due
        Central Library, Naharkatiya College Central Library, Naharkatiya College General Stacks 19/09/2020 20 940History of Europe | HUS 23540 24/01/2024 04/08/2023 5 19/09/2020 Books  
        Central Library, Naharkatiya College Central Library, Naharkatiya College General Stacks 19/09/2020 17 940History of Europe | HUS 23541 08/10/2024 28/09/2024 4 19/09/2020 Books  
        Central Library, Naharkatiya College Central Library, Naharkatiya College General Stacks 19/09/2020 22 940History of Europe | HUS 23542 05/12/2023 01/11/2023 3 19/09/2020 Books  
        Central Library, Naharkatiya College Central Library, Naharkatiya College General Stacks 19/09/2020 6 940History of Europe | HUS 23543 23/06/2022 23/06/2022 2 19/09/2020 Books 08/07/2022
        Central Library, Naharkatiya College Central Library, Naharkatiya College General Stacks 19/09/2020 22 940History of Europe | HUS 23544 26/11/2024 13/11/2024 1 19/09/2020 Books  

Naharkatiya College © 2020. All rights reserved.

Powered By